| 000 | 02144nam a2200397 c 4500 | ||
|---|---|---|---|
| 003 | BLK | ||
| 005 | 20220411154235.0 | ||
| 008 | 180408b bul|||||r ||||||| ||bul|| | ||
| 010 | _aKNG00091095000 | ||
| 020 |
_a954-9877-21-3 _bиздат.: Амат-Ах |
||
| 040 | _aBLK | ||
| 041 |
_aBUL _cBUL |
||
| 080 |
_aИкономическа психология. Икономическо поведение. Физиологични и психологични елементи. Интереси. Икономически дух _b330.16 _x(02.062) _z330.16(02.062) |
||
| 080 |
_aЕтика на бизнеса. Успех _b174.4 _x(02.062) _z174.4(02.062) |
||
| 080 |
_aИндивидуална психология. Психология на личността. Индивидуалност. Психология на характера. Характерология. Психологическа типология _b159.923 _x(02.062) _z159.923(02.062) |
||
| 100 | 1 |
_aМилър, Дъглас _eпърви автор _9302263 |
|
| 700 | 1 |
_aМиро, Евгения _eпрев. _9370268 |
|
| 139 |
_aМилър, Дъглас _bМ 61 |
||
| 245 | 1 | 0 |
_aБрилянтната идея _bКакво трябва да знаете, правите и казвате, за да имат успех вашите идеи на работното ви място _cДъглас Милър; прев. Евгения Миро. |
| 257 | _aGBR | ||
| 260 |
_аСофия _bАмат-Ах _c2008 _fСофия : Скала |
||
| 300 |
_a200 с. _bс ил. _c20 см |
||
| 380 | _a3 | ||
| 500 | _aОриг. загл. Brilliant Idea / Douglas Miller. - За автора. - Библиогр. с. 198. | ||
| 650 | 4 |
_aИкономическо поведение _9245306 |
|
| 650 | 4 |
_aУспех _9174913 |
|
| 650 | 4 |
_aЛичност - психология _9243160 |
|
| 653 | _aикономическо поведение | ||
| 653 | _aпсихология на личността | ||
| 653 | _aбизнес етикет | ||
| 852 | _aЦб 245136 | ||
| 856 | 4 |
_qpdf _u |
|
| 856 | 4 |
_qpdf _u |
|
| 942 |
_cKNG _n0 _06 |
||
| 944 |
_aCR _c26.08.2009 _lф / _kЛюдмила_Стоянова |
||
| 944 |
_aED _c25.06.2014 _lф / _k |
||
| 999 |
_c86472 _d86472 |
||